00468 2200181 4500001002100000005001500021008004100036020001600077035001900093041000700112082001000119090001600129100001900145245002800164260003700192300001800229650003900247INLIS00000000001551320241224114941241224||||||||| | ||| |||| || |  a01-19-028-0 0010-1224015513 aid0 a551.5 a551.5 CHA a0 aSherly Affandy00aAda Apa di Bumi ? Badai aJakartabErlangga For Kidsc2005 a32hlm;23x23cm 0ailmu ilmu pengetahuan tentang bumi